00746nam a22002057a 4500003000400000005001700004008004100021020001800062040002100080050002500101100002800126245001900154260006100173300000900234650006200243650004300305942001500348952016000363999001700523OSt20260204123312.0260204b |||||||| |||| 00| 0 eng d a9780872204843 cChuka University aPA 4025b.A5L66 2000 aLombardo Stanley923018 aHormer Odyssey aIndianapolis/CambridgebHackett Publishing Companyc2000 a416p a1. Epic Poetry, Greek - Translations into English923019 22. Odysseus (Greek mythology) - Poetry 2lcccBKn0 00102lcc40708LGLaCHKbCHKd2026-02-04eDonation from books of Africag2062.00l0oPA 4025 .A5L66 2000p28751/2025r2026-02-04 12:52:41w2026-02-04yBK c21398d21398